000 00687nam a2200193Ia 4500
003 GCL
005 20240530094958.0
008 140319s9999 xx 000 0 ara d
020 _a1050917977
040 _aGCL /
_cGCL
082 0 4 _a962.054
_bق/ف ث
100 1 _aفطين احمد فريد
245 1 0 _aثورة 23 يوليو 1952 من التنظيم السرى الى سقوط فاروق :
_b26 اغسطس 1936-7 سبتمبر 1953 /
_cفطين احمد فريد
300 _a697 ص ؛
_c25 سم
650 0 4 _aالملك فاروق
650 0 4 _aمصر - تاريخ
650 0 4 _aمصر - تاريخ - العصر الحديث - ثورة 23 يوليو 1952
942 _2ddc
_cBK
999 _c2884
_d2884